00330 a2200097 4500001001000000005001700010008004100027245007600068100002000144773006800164ART_5721520260410161812.0260409a 10aLa contribución del Web 3 al nuevo derecho mercantil y de la empresa.1 aDasso, Ariel G.0 tDoctrina Societaria y Concursalg- N° 419 (oct. 2022)wREV4298